A casa do pato azul (Registo nº 1955)
[ vista simples ]
| 000 -Etiqueta do registo | |
|---|---|
| Cabeçalho | 00875nam a22003011 4500 |
| 005 - Identificador da versão | |
| Campo de controlo | 20240813121920.0 |
| 095 ## - | |
| -- | PTBN00275931 |
| 021 ## - Número do Depósito Legal | |
| Código do país | PT |
| 100 ## - Dados gerais de processamento | |
| Dados gerais de processamento | 20070615d1973 cd y0pory5003 ba |
| 102 ## - Pais de publicação ou produção | |
| País de publicação | Portugal |
| 101 1# - Língua de publicação | |
| Língua do texto, banda sonora, etc. | Português |
| 106 ## - Campo de dados codificados: material textual | |
| Dados codificados do material textual | r |
| 105 ## - Campo de dados codificados: livros | |
| Dados codificados dos livros | a z 000fy |
| 215 ## - Descrição física | |
| Indicação específica da natureza do documento e extensão da espécie | 58, [3] p. |
| Outras indicações físicas | il. |
| Dimensões | 24 cm |
| 200 1# - Titulo e menção de responsabilidade | |
| Título próprio | A casa do pato azul |
| Primeira menção de responsabilidade | Bernardo Clavel |
| Outras menções de responsabilidade | versão port. de Ricardo Alberty, il. J. B. Fourt |
| 225 2# - Colecção | |
| Título próprio da colecção | Biblioteca infantil |
| Indicação de volume | 23 |
| 210 ## - Publicação, Distribuição, etc. | |
| Lugar da edição, distribuição, etc. | Lisboa |
| Nome do editor, distribuidor, etc. | Verbo |
| Data da publicação, distribuição, etc. | [D.L. 1973] |
| 606 ## - Nome comum usado como assunto | |
| Número de registo de entrada de autoridade | 0000001 |
| Palavra de ordem | Literatura estrangeira infantil |
| Subdivisão de assunto | Conto |
| 675 ## - Classificação Decimal Universal (CDU) | |
| Notação | 82-34 |
| Edição | 2ª |
| Língua da edição | por |
| 702 #1 - Nome de autor-pessoa física (responsabilidade secundária) | |
| Número de registo de entrada de autoridade | 0000596 |
| Palavra de ordem | Alberty |
| Outra parte do nome não tomada para palavra de ordem | Ricardo |
| Datas | 1919-1992 |
| Código de função | Tradutor |
| Número de registo de entrada de autoridade | 0000597 |
| Palavra de ordem | Fourt |
| Outra parte do nome não tomada para palavra de ordem | J. B. |
| Código de função | Ilustrador / Técnico de desenho computorizado |
| 700 #1 - Nome de autor-pessoa física (responsabilidade principal) | |
| Número de registo de entrada de autoridade | 0000595 |
| Palavra de ordem | Clavel |
| Outra parte do nome não tomada para palavra de ordem | Bernard |
| Datas | 1923- |
| 942 ## - Elementos de entrada adicionados (Koha) | |
| Tipo de item no Koha | Livro |
| Situação do levantamento | Origin of item (home branch) (coded) | Biblioteca de empréstimo | Código de barras | Cota | Circulation type (not for loan) | Tipo de documento | Nota do exemplar | Damaged status |
|---|---|---|---|---|---|---|---|---|
| Biblioteca Escolar da Coca Maravilhas | Biblioteca Escolar da Coca Maravilhas | BECM2008/93 | 8EST CLA | Livro | Sem mensagem |
